书目信息 |
| 题名: |
英汉词汇理据性与应用研究
|
|
| 作者: | 林艳 著 | |
| 分册: | ||
| 出版信息: | 北京 中国书籍出版社 2009.01 |
|
| 页数: | 295页 | |
| 开本: | 21cm | |
| 丛书名: | ||
| 单 册: | ||
| 中图分类: | H313 , H136 | |
| 科图分类: | ||
| 主题词: | 英语--ying yu--词汇--对比研究--汉语 | |
| 电子资源: | ||
| ISBN: | 978-7-5068-1844-5 | |
| 000 | 00934nam0 2200277 450 | |
| 001 | 012011118937 | |
| 005 | 20110426094618.01 | |
| 010 | @a978-7-5068-1844-5@dCNY22.00 | |
| 100 | @a20110426d2009 em y0chiy0120 ea | |
| 101 | 0 | @achi@aeng |
| 102 | @aCN@b110000 | |
| 105 | @ay a 000yy | |
| 106 | @ar | |
| 200 | 1 | @a英汉词汇理据性与应用研究@Aying han ci hui li ju xing yu ying yong yan jiu@f林艳著@Flin yan zhu |
| 210 | @a北京@c中国书籍出版社@d2009.01 | |
| 215 | @a295页@d21cm | |
| 312 | @a英文并列题名取自封面 | |
| 320 | @a有书目 (第279-292页) | |
| 330 | @a本书在认知语言学关于语言共性理论的基础上,探讨了语言共性与个性、任意性和理据性的关系,比较了英汉两种语言词汇的理据性共性。 | |
| 510 | 1 | @aEnglish Chinese vocabulary@zeng |
| 606 | 0 | @a英语@Aying yu@x词汇@x对比研究@x汉语 |
| 690 | @aH313@v4 | |
| 690 | @aH136@v4 | |
| 701 | 0 | @a林艳@Alin yan@4著 |
| 801 | 0 | @aCN@bQSSK@c20110426 |
| 905 | @b792481-83@dH313@eL525@f3 | |
| 英汉词汇理据性与应用研究/林艳著.-北京:中国书籍出版社,2009.01 |
| 295页;21cm |
| ISBN 978-7-5068-1844-5:CNY22.00 |
| 本书在认知语言学关于语言共性理论的基础上,探讨了语言共性与个性、任意性和理据性的关系,比较了英汉两种语言词汇的理据性共性。 |
| ● |
| 相关链接 |
|
|
|
正题名:英汉词汇理据性与应用研究
索取号:H313/L525
 
预约/预借
| 序号 | 登录号 | 条形码 | 馆藏地/架位号 | 状态 | 备注 |
| 1 | 792481 | 207924816 | 语言库209/209语言库 102排9列6层/ [索取号:H313/L525] | 在馆 | |
| 2 | 792482 | 207924825 | 语言库209/209语言库 102排9列6层/ [索取号:H313/L525] | 在馆 | |
| 3 | 792483 | 207924834 | 语言库209/209语言库 102排9列6层/ [索取号:H313/L525] | 在馆 |